000 00513cam a22001577a 4500
008 180718b2002 xxu||||| |||| 00| 0 eng d
020 _a0821350811
082 _aT19x918 In8
245 _aSlovak Republic: living standards, employment, and labor market study
260 _aWashington, D.C.
_bWorld Bank
_c2002
300 _a162p.
440 _aA World Bank Country Study
650 _aSlovak Republic - Economic conditions
650 _aPopulation - Slovak Republic
650 _aLabour market - Slovek Republic
999 _c288346
_d288346